| 000 | 01058 a2200253 4500 | ||
|---|---|---|---|
| 003 | Nust | ||
| 005 | 20220719184721.0 | ||
| 010 | _a 88000786 | ||
| 020 | _a0078522617 (book and disk) | ||
| 020 | _a0078522625 | ||
| 020 | _a0078522633 (disk) | ||
| 040 | _cNust | ||
| 082 | 0 | 0 | _a001.434,KOR |
| 100 | 1 |
_aKorn, Granino _993906 |
|
| 245 | 1 | 0 |
_aInteractive dynamic system simulation / _cGranino A. Korn. |
| 260 |
_aNew York : _bMcGraw-Hill, _cc1989. |
||
| 300 |
_axi, 194 p. : _bill. ; _c24 cm. |
||
| 505 | _aIntroduction to Dynamics-System Simulation (Page 1), Simulation: the Standard Applications (Page-230, Desire Programs and program Files (Page 49), Programming Interactive Experiments (Page 65), More Advanced Programming Techniques (Page 95), General-Purpose Scientific Computation (Page 131), Control-system Simulation (Page 153), Appendix (Page 175). | ||
| 650 | 0 |
_aComputer simulation. _91599 |
|
| 650 | 0 | _aDynamics. | |
| 650 | 0 |
_aInteractive computer systems. _936948 |
|
| 650 | 0 |
_aMicrocomputers. _98096 |
|
| 942 |
_2ddc _cBK _k001.434,KOR |
||
| 999 |
_c176385 _d176385 |
||